000 00790cam7a220024100 4500
001 lce00586836
008 731212s1966 alua b 000 0 eng
010 _a 66024780 //r882
035 _a(Sirsi) r24971
035 _a(DLC) 66024780 //r882
035 _a(UPRA)lce00586836
040 _dUPRA
050 0 _aRE87
_b.C3
082 _a617.71
100 1 _aCallahan, Alston, 1911-
_dCallahan, Alston, 1911-
_6A88026.1
245 1 0 _aReconstructive surgery of the eyelids and ocular adnexa.
260 _aBirmingham, AL :
_bAesculapius Pub. Co.,
_c[1966]
504 _aIncludes bibliographies.
650 0 _aBlepharoplasty.
_6S63285.1
650 0 _aAdnexa oculi -- Surgery.
_xAdnexa oculi -- Surgery.
_6S63286.1
949 _aRE87
_wLC
_i-24877
_mMEDICAL
_tBOOK
_lON-SHELF
004 24971
999 _c44763
_d44763